000 00419nam a22001577a 4500
003 OSt
005 20260410051755.0
008 260410b |||||||| |||| 00| 0 eng d
040 _cDLC
050 _a248.3
_bSM642B
082 _a248.3
_bSM642B
245 _aBeyond The Veil:
_bentering into intimacy with God through prayer/
_cby Alice Smith
260 _aUSA:
_bRenew Books,
_c1997.
300 _a201p.
942 _2ddc
_cBK
999 _c11604
_d11604